Ehemalige Länder nach Karte - Statistiken

Allgemein
  • Dieses Quiz wurde 9.678 mal gespielt
  • Das Durchschnittsergebnis liegt bei 11 aus 18
Antwortstatistiken
Bildquiz Hint Antwort % Korrekt
117 n. Chr. Römisches Reich
97%
1989 Sowjetunion
85%
1870 (in blau) Preußen
84%
1683 Osmanisches Reich
82%
1989 Jugoslawien
81%
1914 Österreich-Ungarn
80%
1800 Spanisches Kolonialreich
80%
1989 Tschechoslowakei
77%
1279 Mongolisches Reich
75%
1200 Heiliges Römisches Reich
61%
500 v. Chr. Achämenidenreich
58%
1500 Inkareich
42%
814 Frankenreich
40%
1789 Republik Venedig
38%
850 Abbasiden-Kalifat
36%
323 v. Chr. Makedonisches Reich
36%
550 v. Chr. Neubabylonisches Reich
19%
1700 Mogulreich
9%
Keine übereinstimmenden Quizze gefunden
Verteilung der Resultate
Anzahl Personen mit jedem Resultat
Perzentil nach korrekt beantworteten Fragen
Ihre Resultats-Entwicklung
Sie haben dieses Quiz noch nicht gespielt